000 00497 a2200181 4500
003 OSt
005 20231208095326.0
008 231206b |||||||| |||| 00| 0 eng d
020 _a9788194013822
040 _coclc
082 _a894.8121
_bRUM/M
100 _aRumi, Jalaluddin
_97665
245 _aMaznavi /
_cJalaluddin Rumi
250 _a1st ed.
260 _aCoimbatore:
_bNityanjali,
_c2022.
300 _a666p.
942 _2ddc
_cBK
_h894.8121
_iRUM/M
_k894.8121
_mRUM/M
999 _c43987
_d43987